Enseñanza y dadactica universitaria: Discurso y formacion documental del estudiante / Maria Victoria Alzate P. y Miguel Gomez Mendoza (Registro nro. 11686)
[ vista simple ]
| 000 -LEADER | |
|---|---|
| fixed length control field | 00812nam a22002171a 4500 |
| 001 - CONTROL NUMBER | |
| control field | 11686 |
| 003 - CONTROL NUMBER IDENTIFIER | |
| control field | OSt |
| 005 - DATE AND TIME OF LATEST TRANSACTION | |
| control field | 20260204212251.0 |
| 008 - FIXED-LENGTH DATA ELEMENTS--GENERAL INFORMATION | |
| fixed length control field | 130507s2009||||ck ||||||b||||||||||spa|| |
| 020 ## - NUMERO DE LIBRO INTERNACIONAL NORMALIZADO | |
| International Standard Book Number | 9789586486293 |
| 050 ## - LIBRARY OF CONGRESS CALL NUMBER | |
| Classification number | 371.102 A99e |
| 100 ## - ASIENTO PRINCIPAL -- NOMBRE PERSONAL | |
| Personal name | Alzate Piedrahita, Maria Victoria |
| 245 ## - TÍTULO PROPIAMENTE DICHO: SUBTÍTULO | |
| Title | Enseñanza y dadactica universitaria: Discurso y formacion documental del estudiante / Maria Victoria Alzate P. y Miguel Gomez Mendoza |
| 264 ## - PRODUCTION, PUBLICATION, DISTRIBUTION, MANUFACTURE, AND COPYRIGHT NOTICE | |
| Place of production, publication, distribution, manufacture | Colombia : Ediciones Ecoe |
| 300 ## - PHYSICAL DESCRIPTION | |
| Extensión | 130 P |
| 490 ## - MENCIÓN DE SERIE | |
| Series statement | (Coleccion: educacion y pedagogia) (area: educacion) |
| 500 ## - GENERAL NOTE | |
| General note | Incluye bibliografia |
| 650 ## - ASIENTO SECUNDARIO DE MATERIA -- TERMINO TEMÁTICO | |
| Termino Temático Como Elemento de Entrada | DIDACTICA UNIVERSITARIA: DESAFIOS Y PRINCIPALES EJES DE ACCION 2.OFICIO DEL ESTUDIANTE UNIVERSITARIO 3.DISCURSOS UNIVERSITARIOS |
| 700 ## - ASIENTO SECUNDARIO -- NOMBRE PERSONAL | |
| Personal name | Gomez Mendoza, Miguel A.Ì |
| 942 ## - ADDED ENTRY ELEMENTS (KOHA) | |
| Source of classification or shelving scheme | Dewey Decimal Classification |
| Koha item type | Libros |
| Withdrawn status | Lost status | Source of classification or shelving scheme | Damaged status | Not for loan | Current library | Date acquired | Total Checkouts | Full call number | Barcode | Date last seen | Price effective from | Koha item type |
|---|---|---|---|---|---|---|---|---|---|---|---|---|
| Dewey Decimal Classification | Biblioteca UTECO | 09/09/2019 | 371.102 A99E | 016749 | 09/09/2019 | 09/09/2019 | Libros | |||||
| Dewey Decimal Classification | Biblioteca UTECO | 09/09/2019 | 371.102 A99E | 016750 | 09/09/2019 | 09/09/2019 | Libros | |||||
| Dewey Decimal Classification | Biblioteca UTECO | 09/09/2019 | 371.102 A99E | 016751 | 09/09/2019 | 09/09/2019 | Libros |
